[Event "ch-USA Seniors 2025"]
[Site "Saint Louis USA"]
[Date "2025.07.19"]
[Round "5.2"]
[White "Fishbein, Alexander"]
[Black "Kaidanov, Gregory"]
[Result "1-0"]
[WhiteTitle "GM"]
[BlackTitle "GM"]
[WhiteElo "2368"]
[BlackElo "2505"]
[WhiteFideId "2000377"]
[BlackFideId "2008564"]
[EventDate "2025.07.15"]

1. e4 e6 2. d4 d5 3. exd5 exd5 4. Nf3 Nf6 5. Bd3 c5 6. c3 Bd6 7. Qe2+ Be6 8. Ng5
Qe7 9. Nxe6 fxe6 10. Nd2 Nc6 11. Nf3 O-O 12. O-O e5 13. dxe5 Nxe5 14. Nxe5 Qxe5
15. Qxe5 Bxe5 16. Be3 Rac8 17. Bf5 Rc6 18. Rfe1 Re8 19. Bc2 Rc7 20. Ba4 Ree7 21.
Rad1 a6 22. g3 Kf8 23. Kg2 b6 24. h3 h6 25. f4 Bd6 26. Kf3 Rc8 27. g4 b5 28. Bc2
d4 29. cxd4 Nd5 30. Bd2 cxd4 31. Bb3 Nb6 32. Rxe7 Bxe7 33. Be1 Nc4 34. Rxd4 Nxb2
35. Be6 Rc6 36. f5 Na4 37. Bb3 Nc5 38. Bd1 Bf6 39. Rd5 Ke8 40. Bb4 Nd7 41. Bb3
Bc3 42. Bd6 Bf6 43. Bb4 Bc3 44. Ba3 Ne5+ 45. Ke2 Nc4 46. Rc5 Kd7 47. Rd5+ Ke8
48. Bc1 Bf6 49. Bf4 Na5 50. Bd1 Nc4 51. Bb3 Na5 52. Bd1 Nc4 53. Bg3 Nb2 54. Bb3
Rc3 55. Be5 Bxe5 56. Rxe5+ Kf8 57. Re6 a5 58. Rb6 a4 59. Be6 Rc2+ 60. Kf3 Rc3+
61. Ke4 Rxh3 62. Rxb5 Nd3 63. Rb8+ Ke7 64. Rb7+ Kd6 65. Rd7+ Kc6 66. Rxd3 1-0

[Event "ch-USA Seniors 2025"]
[Site "Saint Louis USA"]
[Date "2025.07.19"]
[Round "5.3"]
[White "Shabalov, Alexander"]
[Black "Benjamin, Joel"]
[Result "1/2-1/2"]
[WhiteTitle "GM"]
[BlackTitle "GM"]
[WhiteElo "2478"]
[BlackElo "2473"]
[WhiteFideId "2008572"]
[BlackFideId "2000091"]
[EventDate "2025.07.15"]

1. d4 Nf6 2. Bg5 d5 3. e3 Nbd7 4. Nd2 e5 5. dxe5 Nxe5 6. Qe2 Be7 7. O-O-O h6 8.
Bxf6 Bxf6 9. e4 O-O 10. f4 Ng6 11. g3 dxe4 12. Nxe4 Qe7 13. Qf3 Bf5 14. Bd3 Bxe4
15. Bxe4 Rfe8 16. Bxg6 fxg6 17. Qb3+ Qe6 18. Nf3 Qxb3 19. axb3 Re3 20. Rhf1 Rae8
21. c3 Kf7 22. Rd7+ R8e7 23. Rxe7+ Rxe7 24. Kd2 Rd7+ 25. Ke3 Re7+ 26. Kd3 Rd7+
27. Ke4 Rd8 28. b4 Re8+ 29. Kd3 Rd8+ 30. Kc4 a6 31. g4 Rd6 32. h4 Rc6+ 33. Kd5
Rd6+ 34. Kc4 Rc6+ 35. Kb3 Re6 36. g5 Be7 37. Ne5+ Kg8 38. Re1 Bd6 39. Kc4 c6 40.
Kd4 Re8 41. Rg1 hxg5 42. Rxg5 Be7 43. Rg4 Rd8+ 44. Kc4 Rd5 45. Kb3 Bf6 46. Nxg6
Kf7 47. Kc2 Ke6 48. Rg2 Rh5 49. Kd3 Kf5 50. Ke3 Rh6 51. Ne5 Rxh4 52. Nd3 b6 53.
Kd2 Ke4 54. Re2+ Kd5 55. Kc2 c5 56. bxc5 bxc5 57. b3 a5 58. c4+ Kd6 59. f5 Bd4
60. Re6+ Kc7 61. Re7+ Kb6 62. Re6+ Kb7 63. Re7+ Kb6 64. Re6+ Kb7 65. Re7+ Kb6
66. Re6+ 1/2-1/2

[Event "ch-USA Seniors 2025"]
[Site "Saint Louis USA"]
[Date "2025.07.19"]
[Round "5.4"]
[White "Taylor, Timothy"]
[Black "Dlugy, Maxim"]
[Result "1-0"]
[WhiteTitle "IM"]
[BlackTitle "GM"]
[WhiteElo "2147"]
[BlackElo "2514"]
[WhiteFideId "2000393"]
[BlackFideId "2000075"]
[EventDate "2025.07.15"]

1. d4 d5 2. Nf3 Nf6 3. Bg5 g6 4. Bxf6 exf6 5. e3 Bg7 6. Bd3 O-O 7. c3 f5 8. O-O
Be6 9. Qb3 b6 10. c4 Nc6 11. Qa4 dxc4 12. Bxc4 Bxc4 13. Qxc4 Na5 14. Qa4 c5 15.
Nc3 f4 16. dxc5 fxe3 17. cxb6 axb6 18. fxe3 Qd3 19. Qh4 Rae8 20. Rad1 Qxe3+ 21.
Kh1 Qe7 22. Qxe7 Rxe7 23. Nd5 Re2 24. b4 Nc4 25. a4 Ne3 26. Ng1 Nxf1 27. Nxe2
Re8 28. Rxf1 Rxe2 29. Nxb6 Rb2 30. Nd5 Bf8 31. b5 Bd6 32. g3 Ra2 33. Rd1 Be5 34.
Ne7+ Kg7 35. Nc6 Bc3 36. Rb1 1-0

[Event "ch-USA Seniors 2025"]
[Site "Saint Louis USA"]
[Date "2025.07.19"]
[Round "5.5"]
[White "Goldin, Alexander"]
[Black "Christiansen, Larry"]
[Result "1/2-1/2"]
[WhiteTitle "GM"]
[BlackTitle "GM"]
[WhiteElo "2541"]
[BlackElo "2571"]
[WhiteFideId "2019540"]
[BlackFideId "2000059"]
[EventDate "2025.07.15"]

1. d4 d5 2. c4 e6 3. Nf3 Bb4+ 4. Bd2 a5 5. a3 Be7 6. Nc3 Nf6 7. Bg5 Nbd7 8. e3
O-O 9. Bd3 b6 10. O-O Bb7 11. Qe2 c5 12. Rfd1 Ne4 13. Bf4 cxd4 14. exd4 Nxc3 15.
bxc3 dxc4 16. Bxc4 Nf6 17. Bd3 Nd5 18. Bd2 Qc7 19. c4 Nf4 20. Bxf4 Qxf4 21. Qe3
Qc7 22. Ne5 Rad8 23. Be2 Rd6 24. h3 Rfd8 25. Rac1 Ba8 26. Bh5 g6 27. Be2 Bf6 28.
f4 Bg7 29. Kh1 Bf6 30. Rd3 Kg7 31. Rcd1 Bc6 32. Ng4 Be7 33. Ne5 Ba4 34. Rc1 Bf6
35. Bf3 h5 36. g3 Be8 37. g4 hxg4 38. hxg4 Kg8 39. Kg2 Bg7 40. g5 Qe7 41. Rh1
Bd7 42. Be4 Ba4 43. Qf2 Qc7 44. Kg3 Be8 45. Kg4 Qe7 46. Qh2 f5+ 47. gxf6 Qxf6
48. Qd2 Bf7 49. Kg3 Kf8 50. Rh4 Ke8 51. Rh7 Kf8 52. Rh4 Ke8 53. Rg4 g5 54. Rxg5
Bh6 55. Ng4 Bxg5 56. Nxf6+ Bxf6 57. d5 Ke7 58. Kf2 Rh8 59. Bg2 Bg6 60. Re3 Bf5
61. Kf1 Rc8 62. Be4 Rxc4 63. Bxf5 Rxf4+ 64. Kg2 Rxf5 65. Rxe6+ Rxe6 66. dxe6
Kxe6 67. Qe3+ Be5 68. Qxb6+ Bd6 69. a4 Re5 70. Qc6 Ke7 71. Kf3 Bb4 72. Qc7+ Ke6
73. Qc6+ Ke7 74. Qc7+ Ke6 75. Qc6+ Ke7 1/2-1/2

[Event "ch-USA Seniors 2025"]
[Site "Saint Louis USA"]
[Date "2025.07.21"]
[Round "6.1"]
[White "Akopian, Vladimir"]
[Black "Goldin, Alexander"]
[Result "1/2-1/2"]
[WhiteTitle "GM"]
[BlackTitle "GM"]
[WhiteElo "2586"]
[BlackElo "2541"]
[WhiteFideId "13300032"]
[BlackFideId "2019540"]
[EventDate "2025.07.15"]

1. e4 e5 2. Nf3 Nc6 3. Bc4 Nf6 4. d3 Be7 5. O-O O-O 6. Re1 d6 7. a3 Be6 8. Nc3
Bxc4 9. dxc4 Nb8 10. g3 Nbd7 11. Nh4 g6 12. Bh6 Re8 13. Ng2 c6 14. Ne3 Bf8 15.
Bg5 h6 16. Bxf6 Qxf6 17. h4 h5 18. g4 Qxh4 19. gxh5 Nf6 20. hxg6 fxg6 21. Qf3
Bh6 22. Rad1 Re6 23. Ng2 Qh5 24. Qxh5 Nxh5 25. Rd3 Bg5 26. Red1 Be7 27. Rf3 Rf6
28. Rxf6 Nxf6 29. Ne3 Kf7 30. Kg2 Ke6 31. Rh1 Nh5 32. Ne2 Rf8 33. a4 Bd8 34. b3
Nf6 35. Ng3 Bb6 36. Nd1 Bd4 37. Rh6 Kf7 38. Rh1 Ke6 39. Rh6 Kf7 40. Rh1 Ke6 41.
Rh6 1/2-1/2

[Event "ch-USA Seniors 2025"]
[Site "Saint Louis USA"]
[Date "2025.07.21"]
[Round "6.2"]
[White "Benjamin, Joel"]
[Black "Christiansen, Larry"]
[Result "1/2-1/2"]
[WhiteTitle "GM"]
[BlackTitle "GM"]
[WhiteElo "2473"]
[BlackElo "2571"]
[WhiteFideId "2000091"]
[BlackFideId "2000059"]
[EventDate "2025.07.15"]

1. e4 c5 2. Nf3 Nc6 3. Bb5 g6 4. O-O Bg7 5. c3 Nf6 6. e5 Nd5 7. d4 cxd4 8. cxd4
O-O 9. Nc3 Nxc3 10. bxc3 d6 11. exd6 Qxd6 12. a4 Bg4 13. h3 Bxf3 14. Qxf3 Rfc8
15. Ba3 Qd8 16. Rab1 Na5 17. Bb4 Nc6 18. Bc5 Na5 19. Bb4 Nc6 20. Bc5 Na5 21. Bb4 1/2-1/2

[Event "ch-USA Seniors 2025"]
[Site "Saint Louis USA"]
[Date "2025.07.21"]
[Round "6.3"]
[White "Kaidanov, Gregory"]
[Black "Novikov, Igor"]
[Result "1/2-1/2"]
[WhiteTitle "GM"]
[BlackTitle "GM"]
[WhiteElo "2505"]
[BlackElo "2485"]
[WhiteFideId "2008564"]
[BlackFideId "14100037"]
[EventDate "2025.07.15"]

1. e4 c5 2. Nf3 d6 3. d4 cxd4 4. Nxd4 Nf6 5. Nc3 a6 6. Be2 e6 7. Be3 Qc7 8. Qd2
b5 9. a3 Bb7 10. f3 Nc6 11. O-O-O Nxd4 12. Bxd4 Bc6 13. g4 Qb7 14. g5 Nd7 15.
Kb1 b4 16. axb4 Qxb4 17. Na2 Qxd2 18. Rxd2 h6 19. Be3 hxg5 20. Bxg5 Rh3 21. Bf4
Ne5 22. Bg3 g5 23. Rhd1 f6 24. Rd4 Rh7 25. Nc3 Rb7 26. b3 Bb5 27. Nxb5 axb5 28.
Kb2 Kd7 29. c3 Kc6 30. Ra1 Rxa1 31. Kxa1 Ng6 32. Kb1 Nf4 33. Bf1 Nh5 34. Bh3
Nxg3 35. hxg3 Kd7 36. Bf1 Kc6 37. Bh3 Kd7 38. Bf1 Kc6 39. Bh3 Kd7 1/2-1/2

[Event "ch-USA Seniors 2025"]
[Site "Saint Louis USA"]
[Date "2025.07.21"]
[Round "6.4"]
[White "Shabalov, Alexander"]
[Black "Taylor, Timothy"]
[Result "1-0"]
[WhiteTitle "GM"]
[BlackTitle "IM"]
[WhiteElo "2478"]
[BlackElo "2147"]
[WhiteFideId "2008572"]
[BlackFideId "2000393"]
[EventDate "2025.07.15"]

1. Nf3 f5 2. g3 Nf6 3. Bg2 g6 4. b4 Bg7 5. Bb2 O-O 6. c4 d6 7. O-O e5 8. d3 Nc6
9. b5 Ne7 10. Nc3 a6 11. a4 axb5 12. axb5 Rxa1 13. Qxa1 b6 14. Qa7 e4 15. Nd4
exd3 16. exd3 f4 17. Re1 Ng4 18. Nd5 Nxd5 19. Bxd5+ Kh8 20. Nc6 Bxb2 21. Nxd8
fxg3 22. hxg3 Rxf2 23. Re8+ Kg7 24. Qxc7+ Kh6 25. Nf7+ Kh5 26. Ne5 Bd4 27. Qxh7+
Nh6 28. Qxg6# 1-0

[Event "ch-USA Seniors 2025"]
[Site "Saint Louis USA"]
[Date "2025.07.21"]
[Round "6.5"]
[White "Dlugy, Maxim"]
[Black "Fishbein, Alexander"]
[Result "1/2-1/2"]
[WhiteTitle "GM"]
[BlackTitle "GM"]
[WhiteElo "2514"]
[BlackElo "2368"]
[WhiteFideId "2000075"]
[BlackFideId "2000377"]
[EventDate "2025.07.15"]

1. d4 Nf6 2. c4 e6 3. Nf3 Bb4+ 4. Nbd2 O-O 5. a3 Be7 6. g3 d5 7. Bg2 a5 8. O-O
a4 9. Qc2 c5 10. cxd5 cxd4 11. dxe6 Bxe6 12. b4 axb3 13. Nxb3 d3 14. exd3 Nc6
15. Rd1 Rc8 16. Qb2 Nd5 17. d4 Bf6 18. Bd2 Nb6 19. Qb1 Bd5 20. Be3 Na4 21. Rc1
Re8 22. Qd3 Nb2 23. Qb5 Na7 24. Qe2 Nc4 25. Nbd2 Nxe3 26. fxe3 Rxc1+ 27. Rxc1
Qb6 28. Qd3 Qb5 29. Qxb5 Nxb5 30. e4 Nxd4 31. Kf1 Bc6 32. e5 Nxf3 33. Bxf3 Bb5+
34. Kf2 Bxe5 35. Bxb7 Bb2 36. Rc8 Rxc8 37. Bxc8 Bxa3 38. Bb7 Bb4 39. Nf3 Bc5+
40. Kg2 Bc4 41. Nd2 Be6 42. Ne4 Be7 43. Nc3 g6 44. Bd5 Bd7 45. Bf3 Kg7 46. Nd5
Bc5 47. Nf4 Kf6 48. Nd3 Bd4 49. Be4 Bb5 50. Ne1 Bc3 51. Nf3 Bd7 52. h3 h6 53.
Bd5 Ke7 54. g4 Be8 55. Be4 Kd6 56. Kg3 Bd7 57. Kf4 Bb2 58. Kg3 Bc1 59. Bb7 Be3
60. Be4 Be6 61. Bb7 Bc4 62. Be4 Bf1 63. h4 Bc4 64. Bb7 Be6 65. Be4 Bd7 66. Bb7
f6 67. Be4 Be8 68. Bd3 Kd5 69. Bc2 Kc4 70. Bb1 Kc3 71. Be4 Kb2 72. Bd3 Kc1 73.
g5 hxg5 74. hxg5 f5 75. Nh4 Kd2 76. Bb1 Bxg5 77. Nxf5 gxf5 78. Bxf5 Ke3 79. Bc8
Bh5 80. Bg4 Bf4+ 81. Kh3 Bf7 82. Bd7 Bd5 83. Kg4 Ke4 84. Bf5+ Ke5 85. Bc8 Bb3
86. Bb7 Bd1+ 87. Kh3 Kd4 88. Kg2 Ke3 89. Bc6 Bg3 90. Kxg3 1/2-1/2

[Event "ch-USA Seniors 2025"]
[Site "Saint Louis USA"]
[Date "2025.07.22"]
[Round "7.1"]
[White "Fishbein, Alexander"]
[Black "Shabalov, Alexander"]
[Result "1-0"]
[WhiteTitle "GM"]
[BlackTitle "GM"]
[WhiteElo "2368"]
[BlackElo "2478"]
[WhiteFideId "2000377"]
[BlackFideId "2008572"]
[EventDate "2025.07.15"]

1. e4 c5 2. Nf3 Nc6 3. d4 cxd4 4. Nxd4 Qb6 5. Nb3 e6 6. Bd3 Nf6 7. Nc3 Qc7 8.
O-O a6 9. f4 d6 10. Qf3 Be7 11. Bd2 Nb4 12. Nb5 Qb6+ 13. Be3 Qd8 14. N5d4 Nxd3
15. cxd3 O-O 16. Rac1 a5 17. Rc2 Bd7 18. Rfc1 g6 19. h3 Ra6 20. Qf2 Re8 21. Nf3
Bf8 22. Bd4 Nh5 23. Be3 Bb5 24. Qd2 e5 25. fxe5 dxe5 26. Nc5 Rc6 27. a4 Bxc5 28.
Rxc5 Bxa4 29. Nxe5 Rxc5 30. Rxc5 b6 31. Rd5 Qc7 32. Ng4 Rd8 33. Qc3 1-0

[Event "ch-USA Seniors 2025"]
[Site "Saint Louis USA"]
[Date "2025.07.22"]
[Round "7.2"]
[White "Christiansen, Larry"]
[Black "Akopian, Vladimir"]
[Result "1/2-1/2"]
[WhiteTitle "GM"]
[BlackTitle "GM"]
[WhiteElo "2571"]
[BlackElo "2586"]
[WhiteFideId "2000059"]
[BlackFideId "13300032"]
[EventDate "2025.07.15"]

1. e4 c5 2. Nf3 e6 3. c3 Nf6 4. e5 Nd5 5. d4 cxd4 6. cxd4 d6 7. Bc4 Nc6 8. O-O
Be7 9. Qe2 O-O 10. Rd1 Na5 11. Bxd5 exd5 12. Nc3 Be6 13. Bf4 Rc8 14. Nb5 dxe5
15. dxe5 a6 16. Nbd4 Nc6 17. h3 Nxd4 18. Nxd4 Bc5 19. Be3 Bxd4 20. Bxd4 Qg5 21.
Rd3 Rc1+ 22. Rxc1 Qxc1+ 23. Rd1 Qg5 24. Qe3 Qxe3 25. Bxe3 Rc8 26. Rc1 Rxc1+ 27.
Bxc1 d4 28. b3 h5 29. f3 a5 30. Bb2 d3 31. Bc3 a4 32. bxa4 Bxa2 33. a5 f6 34.
exf6 gxf6 35. Kf2 Kf7 36. Ke3 Bc4 37. Bd2 f5 38. Kd4 Bb5 39. Ke5 Kg6 40. Kf4 Bd7
41. Ke3 Bb5 42. Kf4 Bd7 43. Ke3 Bb5 44. Kf4 Bd7 1/2-1/2

[Event "ch-USA Seniors 2025"]
[Site "Saint Louis USA"]
[Date "2025.07.22"]
[Round "7.3"]
[White "Goldin, Alexander"]
[Black "Kaidanov, Gregory"]
[Result "1/2-1/2"]
[WhiteTitle "GM"]
[BlackTitle "GM"]
[WhiteElo "2541"]
[BlackElo "2505"]
[WhiteFideId "2019540"]
[BlackFideId "2008564"]
[EventDate "2025.07.15"]

1. Nf3 d5 2. d4 Nf6 3. e3 c5 4. Nbd2 Nc6 5. dxc5 e6 6. a3 a5 7. b3 Bxc5 8. Bb2
O-O 9. Bb5 Qe7 10. O-O Bd6 11. Qe2 e5 12. e4 Nxe4 13. Nxe4 dxe4 14. Qxe4 f5 15.
Qh4 Qxh4 16. Nxh4 Be7 17. Nf3 e4 18. Bc4+ Kh8 19. Nd4 Bf6 20. Rad1 f4 21. h3
Nxd4 22. Bxd4 Bf5 23. Bxf6 gxf6 24. Rd4 a4 25. f3 exf3 26. Rxf3 Bxc2 27. b4 Rad8
28. Rdxf4 Rd6 29. Rc3 Bd1 30. Re3 Rfd8 31. Re7 b6 32. Be6 Bc2 33. Rxf6 Bb3 34.
Rh6 Bxe6 35. Rhxe6 Rxe6 36. Rxe6 Rd3 37. Rxb6 Rxa3 38. Ra6 Ra2 39. Ra7 a3 40.
Kh2 Rb2 41. Rxa3 Rxb4 42. Kh1 Kg7 43. Kh2 Kg6 44. Kh1 Kg7 45. Kh2 Kg6 46. Kh1
Kg7 47. Kh2 Kg6 1/2-1/2

[Event "ch-USA Seniors 2025"]
[Site "Saint Louis USA"]
[Date "2025.07.22"]
[Round "7.4"]
[White "Taylor, Timothy"]
[Black "Benjamin, Joel"]
[Result "0-1"]
[WhiteTitle "IM"]
[BlackTitle "GM"]
[WhiteElo "2147"]
[BlackElo "2473"]
[WhiteFideId "2000393"]
[BlackFideId "2000091"]
[EventDate "2025.07.15"]

1. f4 d5 2. Nf3 g6 3. g3 Bg7 4. Bg2 c6 5. d3 Nh6 6. e4 dxe4 7. dxe4 Qxd1+ 8.
Kxd1 Na6 9. h3 Be6 10. Na3 Nc5 11. Ng5 Rd8+ 12. Ke2 Bc8 13. c3 b6 14. h4 Ba6+
15. c4 O-O 16. Rb1 b5 17. b3 Nd3 18. Rd1 Nb4 19. Bd2 Nxa2 20. Ba5 Rxd1 21. Rxd1
Bc3 22. Bc7 Bb2 23. Nb1 bxc4 24. bxc4 Bxc4+ 25. Kf3 f6 26. Nh3 Be6 27. Nf2 Nb4
28. g4 c5 29. f5 Bc8 30. Bf1 Nf7 31. Bc4 Kg7 32. Nd3 Nxd3 33. Bxd3 Be5 34. Ba5
Bd6 35. Be2 Ne5+ 36. Ke3 c4 37. Nd2 Ba6 38. Bc3 Bc5+ 39. Bd4 Bxd4+ 40. Kxd4 Rd8+
41. Kc3 Bb5 42. Ra1 a6 43. g5 Rc8 44. Nf3 Nxf3 45. Bxf3 Rd8 46. Be2 gxf5 47.
exf5 Rd5 48. Rf1 Re5 49. Rf2 Re3+ 50. Kd4 Rh3 51. gxf6+ Kxf6 52. h5 c3 53. Bxb5
axb5 54. Kc5 Rxh5 0-1

[Event "ch-USA Seniors 2025"]
[Site "Saint Louis USA"]
[Date "2025.07.22"]
[Round "7.5"]
[White "Novikov, Igor"]
[Black "Dlugy, Maxim"]
[Result "1/2-1/2"]
[WhiteTitle "GM"]
[BlackTitle "GM"]
[WhiteElo "2485"]
[BlackElo "2514"]
[WhiteFideId "14100037"]
[BlackFideId "2000075"]
[EventDate "2025.07.15"]

1. d4 d5 2. c4 dxc4 3. e4 e5 4. Nf3 Bb4+ 5. Nc3 Nf6 6. Nxe5 b5 7. f3 a6 8. a4
Bb7 9. Be2 Nfd7 10. Ng4 Nc6 11. Be3 Na5 12. Qc2 O-O 13. axb5 axb5 14. O-O c6 15.
Rad1 Nb3 16. d5 Bxc3 17. dxc6 Nd4 18. Bxd4 Bxd4+ 19. Rxd4 Qb6 20. Rd1 Bxc6 21.
Kf1 Qc7 22. Rd6 Nc5 23. Ne3 Nb7 24. R6d4 Qxh2 25. b3 Nc5 26. bxc4 b4 27. Qb2
Nxe4 28. fxe4 Qf4+ 29. Bf3 Qxe3 30. Qxb4 Rfe8 31. Qd2 Qa3 32. Qd3 Qc5 33. Rd6
Rac8 34. Qd4 Qg5 35. Qd2 Qh4 36. Qf2 Qf4 37. R6d4 g6 38. Kg1 h5 39. Qd2 Qg3 40.
Qf2 Qe5 41. g3 Qg5 42. Bg2 Qe7 43. Rf1 Bd7 44. e5 Bf5 45. Re1 Qc7 46. Qf4 Re7
47. Kh2 Rce8 48. Rd5 Be6 49. Rd4 Bf5 50. Rd5 Bc8 51. Rd4 Kh7 52. Bd5 Bf5 53. Rd2
Be6 54. Rde2 Rd8 55. Rd2 Red7 56. Red1 Bg4 57. Re1 Re8 58. Qf6 Qa5 59. Qf4 Be6
60. Ree2 Red8 61. Rf2 Qb4 62. Qf6 Qe7 63. Qf4 Kg8 64. Qe4 Qc5 65. Qf4 Qe7 66.
Qe4 Qg5 67. Rd1 Re7 68. Re1 Rde8 69. Qf4 Qg4 70. Rfe2 Qh3+ 71. Kg1 Bf5 72. Bf3
Bd3 73. Re3 Bxc4 74. Qxc4 Qxg3+ 75. Bg2 Qg5 76. Qd4 Re6 77. Kh2 Rd8 78. Qe4 Rd2
79. R1e2 Rxe2 80. Rxe2 Kg7 81. Qd4 Kh7 82. Qf2 f6 83. exf6 Rxe2 84. Qxe2 Qxf6
85. Qf3 Qxf3 86. Bxf3 g5 87. Bxh5 g4 88. Bxg4 1/2-1/2

[Event "ch-USA Seniors 2025"]
[Site "Saint Louis USA"]
[Date "2025.07.23"]
[Round "8.1"]
[White "Benjamin, Joel"]
[Black "Akopian, Vladimir"]
[Result "1/2-1/2"]
[WhiteTitle "GM"]
[BlackTitle "GM"]
[WhiteElo "2473"]
[BlackElo "2586"]
[WhiteFideId "2000091"]
[BlackFideId "13300032"]
[EventDate "2025.07.15"]

1. e4 e5 2. Nf3 Nf6 3. Nxe5 d6 4. Nf3 Nxe4 5. Bd3 Nf6 6. O-O Be7 7. c3 O-O 8.
Bc2 Bg4 9. d4 c5 10. Qd3 Bh5 11. Nh4 Nc6 12. Bg5 Bg6 13. Nxg6 hxg6 14. dxc5 dxc5
15. Na3 Qxd3 16. Bxd3 Nd5 17. Bd2 Rad8 18. Rad1 Ne5 19. Be2 g5 20. g3 Nb6 21.
Be3 Na4 22. Bc1 a6 23. f4 gxf4 24. gxf4 Ng6 25. Nc4 b5 26. f5 Nh4 27. Ne5 c4 28.
Nd7 Rfe8 29. Bg4 Nc5 30. Nxc5 Bxc5+ 31. Kh1 Rxd1 32. Rxd1 g6 33. fxg6 Nxg6 34.
Kg2 Kg7 35. Rf1 Re5 36. Rd1 Be3 37. Bxe3 Rxe3 38. Kf2 Re5 39. Re1 Rg5 40. Be2
Rf5+ 41. Ke3 Re5+ 42. Kd2 Rd5+ 43. Ke3 Re5+ 44. Kd2 Rd5+ 45. Ke3 Re5+ 1/2-1/2

[Event "ch-USA Seniors 2025"]
[Site "Saint Louis USA"]
[Date "2025.07.23"]
[Round "8.2"]
[White "Dlugy, Maxim"]
[Black "Goldin, Alexander"]
[Result "0-1"]
[WhiteTitle "GM"]
[BlackTitle "GM"]
[WhiteElo "2514"]
[BlackElo "2541"]
[WhiteFideId "2000075"]
[BlackFideId "2019540"]
[EventDate "2025.07.15"]

1. d4 d5 2. Bf4 c5 3. Nc3 Nc6 4. e4 cxd4 5. exd5 dxc3 6. dxc6 Qxd1+ 7. Rxd1 bxc6
8. Bc7 e6 9. Rd8+ Ke7 10. bxc3 Nf6 11. Rd1 Nd5 12. Ba5 f6 13. Bc4 Kf7 14. Ne2
Bc5 15. O-O Bb6 16. Bb4 c5 17. Ba3 Bb7 18. Nf4 Rhd8 19. Nxd5 Bxd5 20. Bxd5 Rxd5
21. c4 Rxd1 22. Rxd1 Ke7 23. Kf1 Rc8 24. Rd3 h5 25. Bc1 Rc6 26. Be3 Rd6 27. Ke2
Kd7 28. Kf3 Kc6 29. h4 Bc7 30. Ra3 Bb6 31. Rd3 Kd7 32. g4 g6 33. g5 f5 34. Bf4
Rxd3+ 35. cxd3 Bc7 36. Be3 Kc6 37. d4 cxd4 38. Bxd4 Bb6 39. Bb2 Kc5 40. Kf4 Bc7+
41. Be5 Bd6 42. a3 Kc6 43. a4 a5 44. f3 Kc5 45. Bxd6+ Kxd6 46. c5+ 0-1

[Event "ch-USA Seniors 2025"]
[Site "Saint Louis USA"]
[Date "2025.07.23"]
[Round "8.3"]
[White "Taylor, Timothy"]
[Black "Fishbein, Alexander"]
[Result "1/2-1/2"]
[WhiteTitle "IM"]
[BlackTitle "GM"]
[WhiteElo "2147"]
[BlackElo "2368"]
[WhiteFideId "2000393"]
[BlackFideId "2000377"]
[EventDate "2025.07.15"]

1. d4 Nf6 2. c4 e6 3. Nc3 Bb4 4. Bg5 c5 5. d5 d6 6. e3 exd5 7. cxd5 Nbd7 8. Bd3
Qa5 9. Ne2 Nxd5 10. O-O Bxc3 11. bxc3 c4 12. Bc2 O-O 13. Bh4 Nxc3 14. Nxc3 Qxc3
15. Rc1 Qa5 16. Qxd6 Re8 17. Rfd1 Nf8 18. Rd5 Qxa2 19. Qb4 c3 20. Bb3 Qb2 21.
Rdd1 Be6 22. Rb1 Qe2 23. Qxc3 Bxb3 24. Qxb3 b6 25. h3 h6 26. Rd6 Ne6 27. Rd7 Qh5
28. Be7 Rec8 29. Qa4 Qg6 30. Rbd1 a6 31. Qb3 Rc6 32. Qd5 Rac8 33. Kh2 b5 34. f4
Nc7 35. f5 Nxd5 36. fxg6 Nc7 37. Rd8+ Ne8 38. Rf1 f6 39. Rfd1 a5 40. R1d7 b4 41.
Rb7 Rxd8 42. Bxd8 Nd6 43. Rd7 Kf8 44. Be7+ Ke8 45. Rxd6 Rc8 46. Bxf6 gxf6 47.
Ra6 b3 48. Rxa5 Rb8 49. Ra1 f5 50. Rb1 b2 51. Kg3 Ke7 52. g7 Kf7 53. Kf4 Rb5 54.
e4 fxe4 55. Kxe4 Kxg7 56. Kd4 Kf6 57. Kc3 Ke5 58. Rxb2 Rxb2 59. Kxb2 Kf4 60. Kc2
Kg3 61. Kd2 Kxg2 62. h4 h5 63. Ke2 Kg3 64. Kf1 Kxh4 65. Kg2 Kg5 66. Kh3 h4 67.
Kg2 Kg4 68. Kh2 Kf5 69. Kh3 Ke6 70. Kxh4 1/2-1/2

[Event "ch-USA Seniors 2025"]
[Site "Saint Louis USA"]
[Date "2025.07.23"]
[Round "8.4"]
[White "Kaidanov, Gregory"]
[Black "Christiansen, Larry"]
[Result "0-1"]
[WhiteTitle "GM"]
[BlackTitle "GM"]
[WhiteElo "2505"]
[BlackElo "2571"]
[WhiteFideId "2008564"]
[BlackFideId "2000059"]
[EventDate "2025.07.15"]

1. e4 e5 2. Nf3 Nc6 3. Bc4 Nf6 4. d3 Be7 5. Nc3 O-O 6. a3 d6 7. Be3 Be6 8. Nd5
Bxd5 9. exd5 Nb8 10. Ba2 Nbd7 11. d4 Ng4 12. Bc1 e4 13. Nd2 Ngf6 14. O-O Re8 15.
Re1 Bf8 16. Nf1 h6 17. c4 c6 18. dxc6 bxc6 19. Bd2 a5 20. Bc3 a4 21. Bb1 Nb6 22.
Ne3 g6 23. Bc2 Nfd7 24. f3 Nf6 25. f4 Bg7 26. Rf1 Qc7 27. f5 g5 28. Kh1 d5 29.
c5 Nc4 30. Nxc4 dxc4 31. Qe2 e3 32. Rae1 Re7 33. Qxc4 Rae8 34. Re2 h5 35. g3 Ne4
36. Bxe4 Rxe4 37. f6 Bh6 38. Qxa4 h4 39. Kg2 Qd7 40. Qc4 Qg4 41. Qd3 Qe6 42. d5
cxd5 43. Bd4 Bf8 44. h3 g4 45. Rh1 Bh6 46. b4 Bg5 47. b5 gxh3+ 48. Rxh3 Qg4 49.
Bc3 Rf4 50. Rb2 Qf3+ 51. Kg1 e2 52. Qxf3 Rxf3 53. Bb4 Bxf6 54. Rc2 Bd4+ 55. Kh1
Rf1+ 56. Kg2 Rf2+ 0-1

[Event "ch-USA Seniors 2025"]
[Site "Saint Louis USA"]
[Date "2025.07.23"]
[Round "8.5"]
[White "Shabalov, Alexander"]
[Black "Novikov, Igor"]
[Result "1-0"]
[WhiteTitle "GM"]
[BlackTitle "GM"]
[WhiteElo "2478"]
[BlackElo "2485"]
[WhiteFideId "2008572"]
[BlackFideId "14100037"]
[EventDate "2025.07.15"]

1. e4 c5 2. Nf3 d6 3. d4 cxd4 4. Nxd4 Nf6 5. Nc3 a6 6. Bc4 e6 7. Bb3 b5 8. O-O
Be7 9. Qf3 Qb6 10. Be3 Qb7 11. Qg3 Nbd7 12. Rad1 g6 13. f4 b4 14. f5 bxc3 15.
fxe6 fxe6 16. Nxe6 Nh5 17. Qe1 Ndf6 18. Qxc3 Bd7 19. Nc7+ Kd8 20. Nxa8 Qxa8 21.
e5 dxe5 22. Qxe5 Qc6 23. Ba4 1-0